| 000 | 01018nam a22002657a 4500 | ||
|---|---|---|---|
| 999 |
_c21251 _d21251 |
||
| 003 | AR-CdUCM | ||
| 008 | 190228b ||||| |||| 00| 0 spa d | ||
| 020 | _a978-612-47281-7-4 | ||
| 040 |
_aMUNICIPALIDAD PROVINCIAL DEL CUSCO _cBIBLIOTECA MUNICIPAL DEL CUSCO |
||
| 082 |
_a631.45/G51 _bG51 |
||
| 110 |
_aGobierno Regional Cusco _922459 |
||
| 245 | _aManual de gestión para las zonas de Agrobiodiversidad en la Región Cusco / | ||
| 260 |
_aCusco : _bUniversidad Andina Cusco , _c2017. |
||
| 300 |
_a100 Páginas. : _c20 cm. |
||
| 505 | _aContenido: Participación comunitaria -- Conocimientos tradicionales -- Evaluación de impacto ambiental -- Los Cultivos -- Conservación productiva ... | ||
| 650 |
_aInterculturalidad _97556 |
||
| 650 |
_aCosmovición _944333 |
||
| 650 |
_aAgroviodiversidad _944334 |
||
| 650 |
_aSistemas agrícolas _922836 |
||
| 650 |
_aTecnología agrícola _922349 |
||
| 650 |
_aCambios climáticos _922350 |
||
| 650 |
_aCusco Perú _944398 |
||
| 942 |
_2ddc _cLIBROS |
||
| 945 | _aRoel | ||